| 000 | 00726nam a2200229 a 4500 | ||
|---|---|---|---|
| 001 | 3014 | ||
| 003 | CDMR | ||
| 005 | 20131212154657.0 | ||
| 008 | 130130s1979||||||||||||||||||||||||||||d | ||
| 020 | _a8434801574 | ||
| 040 |
_aCDMR _bcat _cCDMR |
||
| 100 | 1 |
_aCervera, Juan _92215 |
|
| 245 | 1 | 0 |
_aOtra escuela _b: cine, radio, TV, prensa _cJuan Cervera |
| 260 |
_aMadrid _c1979 _bS.M. Ediciones |
||
| 300 | _a223 p. | ||
| 490 | 0 |
_aClaves _v4 |
|
| 650 | 0 | 4 |
_93081 _aMitjans de comunicació de massa i educació |
| 650 | 0 | 4 |
_93487 _aMitjans de comunicació de massa i infants |
| 650 | 0 | 4 |
_92757 _aMitjans de comunicació de massa _xAspectes socials |
| 650 | 0 | 4 |
_93377 _aMitjans de comunicació de massa i llenguatge |
| 942 |
_cMON _2udc |
||
| 999 |
_c3014 _d3014 |
||